Flore poétique ancienne ou Etudes sur les plantes, les plus difficiles áa recognaître des poetes anciens, grecs et latins... / (Record no. 53209)
[ view plain ]
| 000 -LEADER | |
|---|---|
| campo de control de longitud fija | 00749nam a2200193 i 4500 |
| 001 - NÚMERO DE CONTROL | |
| campo de control | 53209 |
| 003 - IDENTIFICADOR DE NÚMERO DE CONTROL | |
| campo de control | ES-MaACL |
| 005 - FECHA Y HORA DE LA ÚLTIMA TRANSACCIÓN | |
| campo de control | 20230906162727.0 |
| 007 - CAMPO FIJO DE DESCRIPCIÓN FÍSICA--INFORMACIÓN GENERAL | |
| campo de control de longitud fija | t| |
| 008 - DATOS DE LONGITUD FIJA--INFORMACIÓN GENERAL | |
| campo de control de longitud fija | 950915s1856 fr |||| | fre d |
| 040 ## - FUENTE DE CATALOGACIÓN | |
| Centro catalogador/agencia de origen | CAM |
| Lengua de catalogación | spa |
| Centro/agencia transcriptor | CAM |
| 100 1# - ENTRADA PRINCIPAL--NOMBRE DE PERSONA | |
| Nombre de persona | Du Molin, J. B. |
| 9 (RLIN) | 45714 |
| 245 10 - MENCIÓN DEL TÍTULO | |
| Título | Flore poétique ancienne ou Etudes sur les plantes, les plus difficiles áa recognaître des poetes anciens, grecs et latins... / |
| Mención de responsabilidad, etc. | par J. B. Du Molin. |
| 246 30 - FORMA VARIANTE DEL TITULO | |
| Título propio/Titulo breve | Etudes sur les plantes, les plus difficiles áa recognaître des poetes anciens, grecs et latins |
| 260 ## - PUBLICACIÓN, DISTRIBUCIÓN, ETC. | |
| Lugar de publicación, distribución, etc. | Paris : |
| Nombre del editor, distribuidor, etc. | J. B: Baillière, |
| Fecha de publicación, distribución, etc. | 1856 ( |
| Fabricante | imprimerie de L. Martinet) |
| 300 ## - DESCRIPCIÓN FÍSICA | |
| Extensión | [8], 320 p. ; |
| Dimensiones | 22 cm. |
| 650 #4 - PUNTO DE ACCESO ADICIONAL DE MATERIA--TÉRMINO DE MATERIA | |
| Término de materia o nombre geográfico como elemento de entrada | Plantas- |
| Subdivisión general | En la literatura. |
| 9 (RLIN) | 159144 |
| 852 ## - LOCALIZACIÓN | |
| Ubicación | ES-MaACL |
| Número de control de estantería | G-11914 |
| Estatus retirado | Estado de pérdida | Estado de daño | No para préstamo | Colección | Biblioteca de origen | Biblioteca actual | Ubicación en estantería | Fecha de adquisición | Fuente de adquisición | Total de préstamos | Signatura topográfica completa | Código de barras | Visto por última vez | Precio de reemplazo | Tipo de ítem Koha |
|---|---|---|---|---|---|---|---|---|---|---|---|---|---|---|---|
| Libros del s. XIX | Biblioteca del Ateneo de Madrid | Biblioteca del Ateneo de Madrid | Sala Pecera Planta 3 | 17/01/2008 | G-11914 | 1055906 | 23/02/2023 | 23/02/2023 | Libro impreso antiguo |
